| 000 | 00000nam 2200000zi 4500 |
| 001 | 9.945256 |
| 003 | CaOODSP |
| 005 | 20241121094721 |
| 006 | m o d f |
| 007 | cr mn||||||||| |
| 008 | 241118s1971 onc o f000 0 eng d |
| 040 | |aCaOODSP|beng|erda|cCaOODSP |
| 043 | |an-cn--- |
| 086 | 1 |aCo41-1/5FE-PDF|zCo41-1/5F |
| 245 | 00|aInstitutional arrangements for optimizing developments of the data banks in the public interest. |
| 246 | 34|aInstitutional arrangements for optimizing developments of databanks in the public interest |
| 264 | 1|aOttawa : |bDepartment of Communications, |c1971. |
| 300 | |a1 online resource (1 volume (various pagings)). |
| 336 | |atext|btxt|2rdacontent |
| 337 | |acomputer|bc|2rdamedia |
| 338 | |aonline resource|bcr|2rdacarrier |
| 490 | 1 |aTelecommission study ; |v5(f) |
| 500 | |aIssued also in French under title: Structures institutionnelles visant le développement optimal des banques de données. |
| 500 | |aDigitized edition from print [produced by Innovation, Science and Economic Development Canada]. |
| 650 | 0|aData centers|zCanada. |
| 650 | 0|aInformation services|zCanada. |
| 650 | 0|aInformation storage and retrieval systems. |
| 710 | 1 |aCanada. |bDepartment of Communications, |eissuing body. |
| 775 | 08|tStructures institutionnelles visant le développement optimal des banques de données.|w(CaOODSP)9.945258 |
| 830 | #0|aTelecommission study ;|v5(f).|w(CaOODSP)9.927947 |
| 856 | 40|qPDF|s1.72 MB|uhttps://publications.gc.ca/collections/collection_2024/isde-ised/co41-1/Co41-1-5F-eng.pdf |